সর্বশ্রেষ্ঠ বাঙালি / (Record no. 78852)
[ view plain ]
| 000 -LEADER | |
|---|---|
| fixed length control field | 01019nam a22002537a 4500 |
| 001 - CONTROL NUMBER | |
| control field | 78852 |
| 003 - CONTROL NUMBER IDENTIFIER | |
| rucl marc code | BD-RjUL |
| 005 - DATE AND TIME OF LATEST TRANSACTION | |
| control field | 20211209083200.0 |
| 008 - FIXED-LENGTH DATA ELEMENTS--GENERAL INFORMATION | |
| fixed length control field | 211122r20192004bg ||||| |||| 00| 0 ben d |
| 020 ## - INTERNATIONAL STANDARD BOOK NUMBER | |
| International Standard Book Number | 9789840423217 |
| Terms of availability | : Tk. 250.00 |
| 035 ## - SYSTEM CONTROL NUMBER | |
| System control number | (BD-RjUL)79079 |
| 040 ## - CATALOGING SOURCE | |
| Original cataloging agency | BD-RjUL |
| Language of cataloging | eng |
| Transcribing agency | BD-RjUL |
| 041 ## - LANGUAGE CODE | |
| Language code of text/sound track or separate title | ben |
| 082 ## - DEWEY DECIMAL CLASSIFICATION NUMBER | |
| Edition number | 23 |
| Classification number | 891.441 |
| Author mark and year | PAS 2019 |
| 100 ## - MAIN ENTRY--PERSONAL NAME | |
| Personal name | পাটওয়ারী, আয়াত আলী |
| 9 (RLIN) | 250322 |
| 245 10 - TITLE STATEMENT | |
| Title | সর্বশ্রেষ্ঠ বাঙালি / |
| Statement of responsibility, etc. | আয়াত আলী পাটওয়ারী |
| 260 ## - PUBLICATION, DISTRIBUTION, ETC. (IMPRINT) | |
| Place of publication, distribution, etc. | ঢাকা : |
| Name of publisher, distributor, etc. | আগামী প্রকাশনী |
| Date of publication, distribution, etc. | ২০০৪ [মুদ্রণ ২০১৯] |
| 300 ## - PHYSICAL DESCRIPTION | |
| Pagination | ১১০ পৃ.; |
| Size | ২২ সেমি. |
| 600 ## - SUBJECT ADDED ENTRY--PERSONAL NAME | |
| Personal name | মুজিবুর রহমান , |
| Titles and other words associated with a name | শেখ, |
| Dates associated with a name | ১৯২০-১৯৭৫ |
| Personal name | Mujibur Rahman, |
| Titles and other words associated with a name | Sheikh, |
| Dates associated with a name | 1920-1975 |
| 650 ## - SUBJECT ADDED ENTRY--TOPICAL TERM | |
| Topical term or geographic name as entry element | বাংলা কবিতা |
| 9 (RLIN) | 250325 |
| Topical term or geographic name as entry element | Bengali poetry |
| 9 (RLIN) | 250326 |
| 942 ## - ADDED ENTRY ELEMENTS (KOHA) | |
| Source of classification or shelving scheme | Dewey Decimal Classification |
| Koha item type | Books |
| Lost status | Source of classification or shelving scheme | Damaged status | Not for loan | Collection code | Permanent Location | Current Location | Shelving location | Date acquired | Source of acquisition | Cost, normal purchase price | Total Checkouts | Full call number | Date last seen | Copy number | Koha item type |
|---|---|---|---|---|---|---|---|---|---|---|---|---|---|---|---|
| Dewey Decimal Classification | Non-fiction | Central Library, University of Rajshahi | Central Library, University of Rajshahi | 14/11/2021 | Rajshahi Bidasagar | 187.50 | B 891.441 PAS 2019 | 22/11/2021 | C-2 | Books | |||||
| Dewey Decimal Classification | Not For Loan | Non-fiction | Central Library, University of Rajshahi | Central Library, University of Rajshahi | Bangabandhu Corner Section | 14/11/2021 | Rajshahi Bidasagar | 187.50 | B 891.441 PAS 2019 | 22/11/2021 | C-1 | Books |